Povaha a zločiny zakladateľa islamu

Bibliographic Details
Main Author: Sina, Ali (Author)
Corporate Author: Lukáš Lhoťan (nakladatelství) (Translator)
Format: Book
Language:Slovak
English
PhysicalDescription:97 strán 21 cm
Published: V Pstruží Lukáš Lhoťan 2020
ISBN:9788088352037
Edition:Vydanie: prvé
Subjects:

MARC

LEADER 00000cam a2200000 4500
001 vtls012127915
003 SK-MaSNL
005 20260301055333.0
008 220321s2020 xr e n 000 0 slo
015 |a SNBZSA2023/06 
020 |a 9788088352037  |q (brožované) 
040 |a SNK  |b slo  |c SNK  |e rda 
041 1 |a slo  |h eng 
044 |a xr  |c CZ 
072 7 |a 28  |x Islam  |2 konspekt 
080 |a 28  |2 2011 
080 |a (0:82-4)  |2 2011 
080 |a 2-028.43  |2 2001 
080 |a 159.98:2  |2 2001 
100 1 |a Sina, Ali  |4 aut  |9 226249 
240 1 0 |a Sina's challenge  |l Česky 
245 1 0 |a Povaha a zločiny zakladateľa islamu  |c Alí Síná ; preklad: nakladatelství Lukáš Lhoťan 
250 |a Vydanie: prvé 
264 1 |a V Pstruží  |b Lukáš Lhoťan  |c 2020 
300 |a 97 strán  |c 21 cm 
336 |a text  |b txt  |2 rdacontent 
337 |a bez média  |b n  |2 rdamedia 
338 |a zväzok  |b nc  |2 rdacarrier 
500 |a Preložené z angličtiny 
500 |a Obsahuje údaje o autorovi na strane 3 
500 |a Pravdepodobne preložené z angličtiny 
504 |a Obsahuje bibliografiu na strane 83-84. Bibliografické odkazy 
650 0 7 |a islam  |2 SNKPH  |9 1821 
650 0 7 |a islam  |2 SNKPHeng  |9 1821 
650 0 7 |a kritika náboženstva  |2 SNKPH  |9 68088 
650 0 7 |a Critique of religion  |2 SNKPHeng  |9 368783 
650 0 7 |a psychológia náboženstva  |2 SNKPH  |9 4052 
650 0 7 |a Religious psychology  |2 SNKPHeng  |9 345190 
655 7 |a eseje  |2 SNKPH  |9 57030 
655 7 |a Essays  |2 SNKPHeng  |9 267540 
710 2 |a Lukáš Lhoťan (nakladatelství)  |4 trl  |9 368784 
852 |a Slovenská národná knižnica 
919 |a 978-80-88352-03-7 
954 |a odborná, vedecká literatúra cudzojazyčná (svetová)  |2 lita 
958 |a ZS 
958 |a UP 
958 |a NB 
968 |b ENG 
999 |c 613102  |d 615032 
952 |a SNK  |b SNK  |y PREZ  |7 0  |p 17A1517082  |o snkSC 200315  |i snk2023/315  |8 4  |g 5.03  |0 0  |1 0  |4 0  |d 2022-03-21  |l 0  |r 2025-10-23 00:00:00  |w 2026-02-23